[Event "COL-ch"]
[Site "Boyaca"]
[Date "2022.08.17"]
[Round "1"]
[White "Sanchez Reyes, Juan Sebastian"]
[Black "Zuluaga Mancilla, Cesar"]
[Result "0-1"]
[WhiteElo "1461"]
[BlackElo "2229"]
[PlyCount "50"]
[EventDate "2022.08.17"]
[EventType "swiss"]
[EventRounds "9"]
[EventCountry "COL"]
[SourceTitle "CBM 210 Extra"]
[Source "ChessBase"]
[SourceDate "2022.11.30"]
[SourceVersion "1"]
[SourceVersionDate "2022.11.30"]
[SourceQuality "1"]

1. d4 Nf6 2. Nf3 g6 3. e3 Bg7 4. Bd3 d6 5. e4 Nc6 6. c3 0-0 7. 0-0 e5 8. d5 Ne7 9. Re1 Ne8 10. c4 f5 11. Nc3 f4 12. h3 h6 13. Nh4 g5 14. Nf3 Nf6 15. Nh2 a6 16. Be2 Kh8 17. b4 Qe8 18. Ng4 Neg8 19. Ba3 h5 20. Nh2 Qg6 21. f3 Nh6 22. Kh1 g4 23. Rg1 Qg5 24. Qe1 g3 25. Nf1 Qh4 0-1

[Event "COL Subzt 2.3.4"]
[Site "Risarald"]
[Date "2021.11.26"]
[Round "6"]
[White "Valencia Lopez, Rudiger Estiven"]
[Black "Sanchez Reyes, Juan Sebastian"]
[Result "1-0"]
[WhiteElo "1230"]
[BlackElo "1613"]
[PlyCount "51"]
[EventDate "2021.11.23"]
[EventType "swiss"]
[EventRounds "9"]
[EventCountry "COL"]
[SourceTitle "CBM 205 Extra"]
[Source "ChessBase"]
[SourceDate "2022.01.31"]
[SourceVersion "1"]
[SourceVersionDate "2022.01.31"]
[SourceQuality "1"]

1. d4 g6 2. e3 Bg7 3. Bd3 d6 4. Nd2 e5 5. c3 b6 6. Ne2 Bb7 7. f3 Nd7 8. 0-0 Ngf6 9. Ng3 0-0 10. Nde4 d5 11. Nf2 Re8 12. e4 c6 13. Bg5 Qc7 14. Qd2 Rac8 15. Rac1 c5 16. f4 exf4 17. Bxf4 Qc6 18. e5 c4 19. exf6 Nxf6 20. Bc2 Re6 21. Be5 Rce8 22. Qf4 R8e7 23. Nh3 h6 24. Rce1 Nd7 25. Nf5 Rxe5 26. Nxe7+ 1-0

[Event "COL Subzt 2.3.4"]
[Site "Risarald"]
[Date "2021.11.25"]
[Round "4"]
[White "Sanchez Reyes, Juan Sebastian"]
[Black "Bejarano Lopez, Andres Felipe"]
[Result "0-1"]
[WhiteElo "1613"]
[BlackElo "1479"]
[PlyCount "58"]
[EventDate "2021.11.23"]
[EventType "swiss"]
[EventRounds "9"]
[EventCountry "COL"]
[SourceTitle "CBM 205 Extra"]
[Source "ChessBase"]
[SourceDate "2022.01.31"]
[SourceVersion "1"]
[SourceVersionDate "2022.01.31"]
[SourceQuality "1"]

1. e4 c5 2. Nf3 d6 3. d4 cxd4 4. Nxd4 Nf6 5. Nc3 a6 6. Bd3 e6 7. Bg5 Be7 8. 0-0 Nbd7 9. a3 Qc7 10. Qd2 b5 11. b4 Bb7 12. Rfe1 0-0 13. Re3 Rac8 14. Nce2 Nb6 15. Rg3 Nxe4 16. Bxe4 Bxe4 17. c3 Nd5 18. Rc1 Bg6 19. Nf3 Nf6 20. Nh4 Ne4 21. Qe3 Nxg3 22. hxg3 Bxg5 23. Qxg5 h6 24. Qe3 Bh7 25. g4 Qe7 26. Nf3 Rc4 27. Nh2 Rfc8 28. f3 Qc7 29. Nf1 d5 0-1

[Event "COL Subzt 2.3.4"]
[Site "Risarald"]
[Date "2021.11.23"]
[Round "1"]
[White "Sanchez Reyes, Juan Sebastian"]
[Black "Garcia Alarcon, Alvaro"]
[Result "0-1"]
[WhiteElo "1613"]
[BlackElo "2014"]
[PlyCount "37"]
[EventDate "2021.11.23"]
[EventType "swiss"]
[EventRounds "9"]
[EventCountry "COL"]
[SourceTitle "CBM 205 Extra"]
[Source "ChessBase"]
[SourceDate "2022.01.31"]
[SourceVersion "1"]
[SourceVersionDate "2022.01.31"]
[SourceQuality "1"]

1. d4 Nf6 2. Nf3 d5 3. e3 c5 4. c3 Qb6 5. Bd3 Bg4 6. Nbd2 Nc6 7. h3 Bh5 8. Be2 e6 9. b3 Be7 10. Bb2 cxd4 11. cxd4 0-0 12. 0-0 Rac8 13. a3 Rc7 14. Rc1 Rfc8 15. b4 a5 16. b5 Na7 17. a4 Bg6 18. Ne1 Rxc1 19. Bxc1 0-1